| 000 -LEADER |
| fixed length control field |
01134cam a22003257a 4500 |
| 001 - CONTROL NUMBER |
| control field |
16201885 |
| 005 - DATE AND TIME OF LATEST TRANSACTION |
| control field |
20190612151146.0 |
| 008 - FIXED-LENGTH DATA ELEMENTS--GENERAL INFORMATION |
| fixed length control field |
100416s2010 fr b 000 0 fre d |
| 010 ## - LIBRARY OF CONGRESS CONTROL NUMBER |
| LC control number |
2010369677 |
| 015 ## - NATIONAL BIBLIOGRAPHY NUMBER |
| National bibliography number |
09,N45,0084 |
| Source |
dnb |
| 020 ## - INTERNATIONAL STANDARD BOOK NUMBER |
| International Standard Book Number |
9783851325836 (pbk.) |
| 020 ## - INTERNATIONAL STANDARD BOOK NUMBER |
| International Standard Book Number |
3851325834 (pbk.) |
| 035 ## - SYSTEM CONTROL NUMBER |
| System control number |
(OCoLC)ocn586999040 |
| 040 ## - CATALOGING SOURCE |
| Original cataloging agency |
OHX |
| Transcribing agency |
OHX |
| Modifying agency |
EMU |
| -- |
DEBBG |
| -- |
DLC |
| 041 ## - LANGUAGE CODE |
| Language code of text/sound track or separate title |
fre |
| 042 ## - AUTHENTICATION CODE |
| Authentication code |
lccopycat |
| 050 00 - LIBRARY OF CONGRESS CALL NUMBER |
| Classification number |
B829.5 |
| Item number |
.B682 2010 |
| 100 1# - MAIN ENTRY--PERSONAL NAME |
| Personal name |
Brankel, Jürgen. |
| 9 (RLIN) |
2400 |
| 245 10 - TITLE STATEMENT |
| Title |
Phänomenologie und Idee / |
| Statement of responsibility, etc. |
Jürgen Brankel. |
| 260 ## - PUBLICATION, DISTRIBUTION, ETC. |
| Place of publication, distribution, etc. |
Wien : |
| Name of publisher, distributor, etc. |
Turia + Kant, |
| Date of publication, distribution, etc. |
c2010. |
| 300 ## - PHYSICAL DESCRIPTION |
| Extent |
77 p. ; |
| Dimensions |
20 cm. |
| 504 ## - BIBLIOGRAPHY, ETC. NOTE |
| Bibliography, etc. note |
Includes bibliographical references. |
| 650 #0 - SUBJECT ADDED ENTRY--TOPICAL TERM |
| Topical term or geographic name entry element |
Phenomenology. |
| 9 (RLIN) |
2454 |
| 653 ## - INDEX TERM--UNCONTROLLED |
| keyword |
ფენომენოლოგია |
| 653 ## - INDEX TERM--UNCONTROLLED |
| keyword |
ფილოსოფია |
| 856 42 - ELECTRONIC LOCATION AND ACCESS |
| Electronic format type |
text/html |
| Uniform Resource Identifier |
http://deposit.d-nb.de/cgi-bin/dokserv?id=3367869&prov=M&dok_var=1&dok_ext=htm |
| Materials specified |
Inhaltstext |
| 906 ## - LOCAL DATA ELEMENT F, LDF (RLIN) |
| a |
7 |
| b |
cbc |
| c |
copycat |
| d |
3 |
| e |
ncip |
| f |
20 |
| g |
y-gencatlg |
| 942 ## - ADDED ENTRY ELEMENTS (KOHA) |
| Source of classification or shelving scheme |
|
| Koha item type |
წიგნი |